000
00328nam a2200133Ia 4500
008
150201s2014 xx 000 0 und d
082
_a
611
_b
A2011S
100
_a
SINGH ,INDERBIR
245
_a
TEXT BOOK OF ANATOMY VOL-2
250
_a
5TH
260
_b
JAYPEE BROTHERS MEDICAL PUBLISHERS
650
_a
ANATOMY
942
_2
ddc
_c
BK
999
_c
4850
_d
4850